| Tag |
First Indicator |
Second Indicator |
Subfields |
| LEADER |
00000cam a2200000 4500 |
| 001 |
in00003444721 |
| 005 |
20151206103413.0 |
| 008 |
740523|1923||||||| |||||||eng u |
| 035 |
|
|
|a (OCoLC)ocm00893794
|
| 040 |
|
|
|c HUC
|d m.c.
|d TNY
|d UtOrBLW
|
| 090 |
|
|
|a BS1180
|b .P37 1923
|
| 100 |
1 |
|
|a Peet, T. Eric
|q (Thomas Eric),
|d 1882-1934.
|
| 245 |
1 |
0 |
|a Egypt and the Old Testament /
|c By T. Eric Peet.
|
| 264 |
|
1 |
|a Boston :
|b Small, Maynard & Co.;
|a England :
|b University Press of Liverpool,
|c 1923.
|
| 300 |
|
|
|a 236 pages, 2 unnumbered leaves of plates :
|b folded maps. ;
|c 22 cm.
|
| 336 |
|
|
|a text
|b txt
|2 rdacontent
|
| 337 |
|
|
|a unmediated
|b n
|2 rdamedia
|
| 338 |
|
|
|a volume
|b nc
|2 rdacarrier
|
| 490 |
1 |
|
|a The Ancient world
|
| 504 |
|
|
|a Bibliography: pages 229-230.
|
| 541 |
|
|
|a McLEAN
|
| 630 |
0 |
0 |
|a Bible.
|p Old Testament
|x History of contemporary events, etc.
|
| 650 |
|
0 |
|a Jews
|z Egypt.
|
| 830 |
|
0 |
|a Ancient world (Liverpool, England)
|
| 999 |
|
|
|a MARS
|
| 999 |
f |
f |
|s ac1af106-14e8-308e-a95a-a37aa9f220e9
|i 6196612e-adc2-3368-bc8d-4e4b57da111d
|t 0
|
| 952 |
f |
f |
|p ric
|a Texas A&M University
|b Rellis Campus
|c Joint Library Facility
|d Remote Storage
|t 0
|e BS1180 .P37 1923
|h Library of Congress classification
|i unmediated -- volume
|m 32060003903651
|
| 998 |
f |
f |
|a BS1180 .P37 1923
|t 0
|l Remote Storage
|